=LDR 00000nam 2200000 4500 =001 INLIS000000000036247 =005 20241018091436 =035 ##$$a 0010-061300000036247 =008 241018################c##########0#ind## =041 ##$$a Ind =082 ##$$a 741.5 =090 ##$$a 741.5, Riy k =100 ##$$a Riyadi, Rahmad =245 1#$$a Komik kabar bang One, /$c Redaksi TVone dan rahmat riyadi =260 ##$$a Jakarta :$b Gramedia,$c 2010 =300 ##$$a iv, 101 hlm : $b ilus ; $c 17 cm =650 #4$$a Komik bacaan =850 ##$$a NBPNMAT =020 ##$$a 9789792254914 =084 ##$$a 741.5 RIY k =990 ##$$a 21400613/BPAP-NTB/20142014 =990 ##$$a 21400613/BPAP-NTB/20142014 =990 ##$$a 21400613/BPAP-NTB/20142014